Представление документа в формате RUSMARC

ПолеНазваниеЗначение
  Тип записи a
  Библиографический уровень a
001 Контрольный номер RU/УОНБ/EK_KRAY/320895948
005 Дата корректировки 20240214152017.3
100 Данные общей обработки __
a Данные общей обработки 20030422d2003 u u0rusy0103 ba
101 Язык документа 0_
a Язык текста rus
200 Заглавие и сведения об ответственности 1_
a Заглавие О Правилах предоставления из Фонда софинансирования социальных расходов дотаций на частичное возмещение расходов консолидированных бюджетов субъектов РФ, связанных с предоставлением населению субсидий на оплату жилья и коммунальных услуг
e Сведения, относящиеся к заглавию постановление Правительства РФ от 01.04.03 г.
210 Выходные данные 1_
d Дата издания 2003
330 Аннотация __
a Аннотация В том числе - Ульян. обл.
461 Уровень набора _0
1 2001
a Собрание законодательства Российской Федерации
463 Уровень физической единицы _0
1 2000
a № 14.
v С. 3186-3192.
1 210
d 2003
610 Ключевые слова 0_
a Ключевые слова субсидии
610 Ключевые слова 0_
a Ключевые слова оплата
610 Ключевые слова 0_
a Ключевые слова коммунальные платежи
686 Индексы других классификаций __
a Классификационный индекс 0Б(2)
2 Код системы rubbk
801 Источник записи _0
a Страна RU
b Организация Ульяновская ОНБ
c Дата составления 20030422
g Правила каталогизации PSBO
801 Источник записи _1
a Страна RU
b Организация Ульяновская ОНБ
c Дата составления 20030422
901 Тип документа __
t Тип документа b
938 Служебная информация __
a Имя БД kraeved_work
b Имя библиотеки УОНБ
c Имя АИБС МАРК-SQL
d Номер DOC_ID в БД 39890